Gaming Quiz

Random Gaming or Board Games Quiz

Board Games in the 'Toy Hall of Fame' Quiz Stats

 Plays Quiz Updated Nov 14, 2017

Also try: Toy Hall of Fame
Challenge
Share
Tweet
Embed
Score 0/8 Timer 03:00
1 Play Today
Induction Year Board Game % Correct
1998Monopoly
98.2%
2010The Game of Life
64.4%
2013Chess
61.3%
2017Clue
58.9%
2003Checkers
58.7%
2005Candy Land
53.8%
2004Scrabble
37.4%
2016Dungeons & Dragons
16.3%

You're not logged in!

Compare scores with friends on all Sporcle quizzes.
OR
Log In

You Might Also Like...

Show Comments

Extras

Top Quizzes Today


Score Distribution

Your Account Isn't Verified!

In order to create a playlist on Sporcle, you need to verify the email address you used during registration. Go to your Sporcle Settings to finish the process.

Report this User

Report this user for behavior that violates our Community Guidelines.

Details: